00611 2200241 4500001002100000008004100021035001900062245007100081100002500152110002500177250000500202260004300207300002700250020001900277022001800296024000500314084001300319520000500332082000700337650000500344863000500349990001500354INLIS000000000000002 Ind $a 0010-1222000001$a SPIRITUAL JOURNEY : $b SPIRITUAL JOURNEY / $c ARY GINANJAR AGUSTIAN$a ARY GINANJAR AGUSTIAN$a ARY GINANJAR AGUSTIAN$a I$a Jakarta $b PT. ARGA PUBLISHING $c 2007 $a 120 hlm. ; $c 17x25 cm.$a 978-222-666-444$a 856-225-456-78$a -$a 800 ARY s$a -$a 800$a -$a 1$a 1471/p/2018